المصنف الجماعي : (Record no. 24157)

MARC details
000 -الفاتح
حقل البيانات ثابتة الطول 01228nam a22002895a 4500
003 - محدد رقم الضبط
رقم الضبط OSt
005 - وقت وتاريخ اخر تعامل مع التسجيلة
رقم الضبط 20170215120103.0
008 - عناصر البيانات ثابتة الطول - معلومات عامة
حقل البيانات ثابتة الطول 170214s2015 ua frb 000 0 ara d
015 ## -
-- 2015 / 27455
020 ## - الرقم الدولى المعيارى للكتب
الرقم الدولى المعيارى للكتاب 9789770479896
040 ## - مصدر الفهرسة
وكالة الفهرسة الأصلية EG-ScBUE
لغة الفهرسة ara
وكالة النسخ EG-ScBUE
043 ## - رمز المنطقة الجغرافية
رمز المنطقة الجغرافية f-ua---
-- a-ku---
-- e-fr---
082 04 - رقم تصنيف ديوى العشرى
رقم التصنيف 346.62048
رقم المادة م ح م
رقم الطبعة 22
100 1# - المدخل الرئيسى - إسم شخصى
الإسم الشخصى محمد، حسين محمد مصلح.
245 12 - بيان العنوان
العنوان المصنف الجماعي :
بقية العنوان طبقا لاحكام القانون 82 لسنة 2002 /
بيان المسئوليه,etc حسين محمد مصلح محمد، عوني سالم النقراشي.
250 ## - بيان الطبعة
بيان الطبعة ط. 1.
260 ## - PUBLICATION, DISTRIBUTION, ETC. (IMPRINT)
مكان الناشر او الموزع القاهرة :
اسم الناشر او الموزع دار النهضة العربية،
تاريخ النشر أو التوزيع 2015.
300 ## - الوصف المادى
التعداد 299 ص. ؛
أبعاد الوعاء 24 سم.
504 ## - تبصرة ببليوجرافية
تبصرة ببليوجرافية,الخ يشتمل على إرجاعات ببليوجرافية.
650 #7 - المدخل الاضافى بالموضوع-مصطلح موضوعى
مصطلح موضوعي أو اسم جغرافي كعنصر مدخل حقوق التأليف والنشر
التقسيم الفرعي العام قوانين وتشريعات
التقسيم الفرعي الجغرافي مصر.
مصدر الرأس أو المصطلح BUEsh
9 (RLIN) 41044
650 #7 - المدخل الاضافى بالموضوع-مصطلح موضوعى
مصطلح موضوعي أو اسم جغرافي كعنصر مدخل حقوق التأليف والنشر
التقسيم الفرعي العام قوانين وتشريعات
التقسيم الفرعي الجغرافي الكويت.
مصدر الرأس أو المصطلح BUEsh
650 #7 - المدخل الاضافى بالموضوع-مصطلح موضوعى
مصطلح موضوعي أو اسم جغرافي كعنصر مدخل حقوق التأليف والنشر
التقسيم الفرعي العام قوانين وتشريعات
التقسيم الفرعي الجغرافي فرنسا.
مصدر الرأس أو المصطلح BUEsh
651 ## - المدخل الاضافى بالموضوع - اسم جغرافى
مصدر الرأس أو المصطلح BUEsh
653 ## - مصطلح تكشيفى غير مقيد
Resource For college Law
Arrived date list February2017
700 1# - المدخل الاضافى - اسم شخصى
الإسم الشخصى النقراشي، عوني سالم.
942 ## - عناصر المدخل الإضافي( كوها)
مصدر التصنيف او مخطط الترفيف Dewey Decimal Classification
Holdings
حالة التراجع حالة الفقد مصدر التصنيف او خطة الترفيف حالة تلف ليس للاعارة مجموعات كوها المكان الدائم المكان الحالي تاريخ الاكتساب Source of acquisition سعر الشراء الطبيعي تعداد مسلسل / التسلسل الزمني رقم الاستدعاء الباركود Date last seen مُعار التكلفة نوع الوعاء
    Dewey Decimal Classification     دار النهضة العربية Central Library Central Library 14/02/2017 Purchase 50.00 2815 346.62048 م ح م 000045470 15/07/2025 14/12/2023 62.50 Book - Borrowing
    Dewey Decimal Classification     دار النهضة العربية Central Library Central Library 14/02/2017 Purchase 50.00 2815 346.62048 م ح م 000045471 15/07/2025   62.50 Book - Borrowing